| 000 | 00710nam a2200181 a 4500 | ||
|---|---|---|---|
| 001 | 3007 | ||
| 005 | 20140414131944.0 | ||
| 008 | 060103s19uu xx 00 eng d | ||
| 020 | _a0-439-25616-X | ||
| 050 |
_aTR 372.6 _bR74 2002 |
||
| 100 | _aRothstein, Gloria | ||
| 245 |
_aReal-life writing activities, Grades 1-3 : _cby Gloria Rothstein. _bbased on favorite picture books / |
||
| 260 |
_aNew York : _bScholastic Professional Books, _c2002. |
||
| 300 | _a96 p. ; cm. | ||
| 520 | _aSuper fun activities and reproducibles that use picture books as models to help kids practice 11 kinds of real-life writing. | ||
| 650 |
_aLanguage and literature _xStudy and teaching _xJuvenile literature. |
||
| 999 |
_c112648 _d112648 |
||